| 000 | 00715nam a22002537a 4500 | ||
|---|---|---|---|
| 008 | 130903b xxu||||| |||| 00| 0 eng d | ||
| 020 | _a0-06-046688-x | ||
| 024 | _cAvailable | ||
| 037 | _cAvailable | ||
| 040 |
_aMBSTU LIBRARY _dMBSTU LIBRARY |
||
| 082 |
_222 _a301 THS |
||
| 100 | _aThio, Alex. | ||
| 245 | _aSociology on introduction. | ||
| 250 | _a2nd | ||
| 260 |
_aNew York _bHarper and Row Publishers. _c1989 |
||
| 300 |
_a26 cm. _b654 page _f4 _g26 cm. |
||
| 600 | _2 sociology. | ||
| 650 | _2 sociology. | ||
| 700 | _aThio, Alex. | ||
| 270 |
_aNew York _bNew York _dUSA |
||
| 365 |
_b42948.00 _d42948.00 |
||
| 942 |
_2ddc _cBK |
||
| 999 |
_c651 _d651 |
||